Občiansky zákonník komentár

Bibliographic Details
Main Author: Fekete, Imrich, 1955- (Author)
Format: Book
Language:Slovak
PhysicalDescription:1063 s. 23 cm
Published: Bratislava Epos 2007
ISBN:9788080576882
Edition:[1. vyd.]
Subjects:

MARC

LEADER 00000nam a2200000 a 4500
001 vtls008994222
003 SK-MaSNL
005 20260425233435.0
008 240314s2007 xo f l 001 0 slo
015 |a SNBI2007/03-00945 
020 |a 9788080576882  |q (viaz.) 
035 |a urn:nbn:sk:snk-am00b78x 
035 |a urn:nbn:sk:snk-am3h7qr 
035 |a 6E019716-9237-4854-A9B2-6EC5AA8BEBED 
040 |a SNK  |b slo  |c SNK  |e AACR2 
041 0 |a slo 
043 |a e-xo--- 
044 |a xo  |c SK 
072 7 |a 347  |x Súkromné právo  |2 konspekt 
080 |a 347  |2 2001 
080 |a (437.6)  |2 2001 
080 |a (094.5)  |2 2001 
080 |a (0.072)  |2 2001 
100 1 |a Fekete, Imrich,  |d 1955-  |4 aut  |9 102693 
245 1 0 |a Občiansky zákonník  |b komentár  |c Imrich Fekete 
250 |a [1. vyd.] 
260 |a Bratislava  |b Epos  |c 2007 
300 |a 1063 s.  |c 23 cm 
500 |a Obsahuje prehľad použitých skratiek 
504 |a Vecný register 
650 0 7 |a občianske právo  |2 SNKPH  |9 981 
651 7 |a Slovensko  |2 SNKPH  |9 14231 
655 7 |a zákony  |2 SNKPH  |9 70186 
655 7 |a komentáre  |2 SNKPH  |9 70412 
787 0 8 |a Slovensko  |s Občiansky zákonník (1964, novela 2007) 
919 |a 978-80-8057-688-2 
958 |a OND 
999 |c 765962  |d 767892 
952 |a SNK  |b SNK  |y PREZ  |7 0  |p 17A0552541  |o snkSC 128118  |i snk2007/14056  |8 0  |0 0  |1 0  |4 0  |d 2007-05-30  |f 1  |l 0  |r 2025-06-17 00:00:00  |w 2026-02-24 
952 |a SNK  |b SNK  |y VYP  |7 0  |p 17A0552542  |o snkSC 128118 D1  |i snk2007/14057  |8 0  |0 0  |1 0  |4 0  |d 2007-05-30  |l 1  |m 1  |r 2026-03-20 11:43:12  |s 2026-02-28  |w 2026-02-24